000 00837nam a22002297a 4500
999 _c18356
_d18356
003 AR-CdUCM
008 190430b ||||| |||| 00| 0 spa d
040 _aMUNICIPALIDAD PROVINCIAL DEL CUSCO
_cBIBLIOTECA MUNICIPAL DEL CUSCO
082 _a146 /
_bC70
100 _aSpirkin, A. G.
_935333
245 _aMaterialismo dialéctico y lógica dialéctica /
260 _aMéxico :
_bGrijalbo,
_c1969.
300 _a158 páginas ;
_c19 cm.
440 _aColección
_n70
_92202
500 _aLibro empastado
505 _aContenido : Objeto del materialismo dialéctico -- aparición del materialismo dialéctico -- materia y conciencia -- categorías y leyes de la dialéctica ...
650 _aDialéctica
_95490
650 _aMaterialismo
_95459
650 _aMaterialismo dialéctico
_96846
942 _2ddc
_cLIBROS
945 _arcc